Statistics for 10 oldest airlines

Click here to take the quiz!

General Stats

  • This quiz has been taken 241 times
  • The average score is 4 of 10

Answer Stats

HintAnswer% Correct
KLM
83%
Delta
70%
Qantas
65%
Aeroflot
46%
Iberia
46%
Finnair
28%
Czech Airlines
17%
LOT Polish airlines
13%
Air Serbia
11%
Tajik air
9%

Score Distribution

Percentile by Number Answered

Percent of People with Each Score

Your Score History

You have not taken this quiz